000 00202 a2200097 4500
020 _a9789587682007
041 _aspa
100 _aGaeta,Saverio
245 _aVida y milagro de Juan Pablo ll
942 _cBK
999 _c13742
_d13742